00955nam a2200229 a 450000100060000000300090000600800410001502000150005604000280007108200180009910000420011724500570015926000540021630000100027050501510028059001600043165000270059165000410061865000370065994200120069699900170070821855CO-ViMGA141112s2004 ck r 000 u spa d a958701720X aCO-ViMGAbspacCO-ViMGA04a791.437 C177c1 aCastellanos Valenzuela, Gonzalo9582910aCine en Colombia : bSientalo, entiendalo y hágalo aVenezuela : bproimágenes en movimiento, c2006 a253.p aEl cine como cultura e industria 3 - - El sistema de financiación del cine en colombia 25 - - Los derechos de autor en la cinematografía 105  aForma de adquisición : Donación - - Precio : 15000 - - Proveedor : Fondo mixto de promoción cinematofráfica - - Fecha de adquisición : Julio 200714aCINE - COLOMBIA91057114aCINE - PRODUCCION Y DIRECCION91057214aINDUSTRIA CINEMATOGRAFICA910573 2ddccBK c30402d30402